000 01079 a2200229 4500
001 37790
005 20260407155644.0
008 260407a1971 arg spa d
003 AR-UNSa-BCEJYS
040 _aAR-UNSa-BCEJYS
_bspa
_cAR-UNSa-BCEJYS
080 _a512.64
_xAlgebra lineal y multilineal
245 1 0 _aTeoría y problemas de algebra lineal
264 1 _aMéxico :
_bMcGraw-Hill
_c1971
300 _a151 p.
_c26 cm.
505 _a1. Vectores en R y C - 2. Ecuaciones lineales - 3. Matrices - 4. Espacios vectoriales y subespacios - 5. Base y dimensión - 6. Aplicaciones lineales - 8. Determinantes - 9. Valores propios y vectores propios - 10. Formas canonicas - 11. Funciones lineales y espacio dual - 12. Formas bilineales cuadratica y hermitica - 13. Espacio con producto interno.
942 _cBK
590 _aniveau_biblio:m niveau_hierar:0
100 1 _aLipschutz, Seymour
700 1 _aParedes Manchola, Hugo
700 1 _aJimenez Becerra, Luis Rafael
856 4 1 _uhttps://biblioeco.unsa.edu.ar/pmb/images/libros/L53631.jpg
_yImagen de portada
_qimage/jpeg
999 _c2797
_d2797